00000000nam##2200000za#4500
0019.602536
003CaOODSP
00520230801131714
007cr |||||||||||
008150406|2002||||xxc|||||o    f|0| 0 fre|d
040 |aCaOODSP|bfre
043 |an-cn---
0861 |aPS83-6/28F-PDF
1102 |aService correctionnel Canada. |bDirection de la recherche.
24510|aBibliographie sélective et annotée : justice réparatrice / |h[ressource électronique]|c[par] Shelley Trevethan et Amey Bell.
260 |bService correctionnel Canada. |cSeptembre 2002.
300 |a75p.
4901 |aRapport de synthèse|v[N° B-28]
590 |a11-28-Supp|b2011-11-17
7201 |aTrevethan, Shelley
7201 |aBell, Amey
77508|tSelected annotated bibliography - restorative justice / |w(CaOODSP)9.572124
830#0|aRapport de synthèse (Service correctionnel Canada)|v[N° B-28]|w(CaOODSP)9.503042
85640|ahttp://publications.gc.ca|qPDF|s194 Ko|uhttps://publications.gc.ca/collections/collection_2011/scc-csc/PS83-6-28-fra.pdf|y[N° B-28]